000 00914nam a2200313Ia 4500
001 dia_6546
003 CHAP
005 20251023173506.0
008 220117s2005 xx 000 0 und d
010 _a177660
020 _a978-950-504-567-9
040 _cCHAP
082 _a637.30982 D53 2005
100 _aDianda, María Angélica
_9146728
245 _aElaboración de quesos artesanales en Argentina /
_c María Angélica Dianda
250 _a2a ed.
260 _aArgentina :
_b Hemisferio Sur,
_c2005
300 _a212 p.
503 _aC.
590 _aSF274.A74 D53 2005
650 _aCheesemaking
_9146964
650 _aCheeses
_xArgentina
_9161761
650 _aFabricación de queso
_9142991
650 _aQuesos
_xArgentina
_9161762
901 _a637.30982 D53 2005
902 _aA
905 _a5232272005 ag adin8222223322spa16
942 _cLIBRO
_2ddc
999 _c177660
_d177660